Brusel nehodlá o financovaní debatovať
Návrh Európskej komisie ohľadom výšky sumy, ktorú má EÚ vyčleniť pre kandidátske krajiny na prvé tri roky po rozšírení EÚ. Komisia doteraz nešpecifikovala, koľko by mali dostať jednotlivé krajiny. Brusel nehodlá o zmene financovania vyjednávať. Otázka podpory poľnohospodárstva. Otázka priamych plati...
Gespeichert in:
| 1. Verfasser: | |
|---|---|
| Format: | Buchkapitel |
| Sprache: | Slowakisch |
| Schlagworte: | |
| Tags: |
Keine Tags, Fügen Sie das erste Tag hinzu!
|
MARC
| LEADER | 00000naa a2200000 4500 | ||
|---|---|---|---|
| 001 | r044083 | ||
| 005 | 20230921113224.5 | ||
| 041 | 0 | |a slo | |
| 044 | |a SK | ||
| 245 | 1 | 0 | |a Brusel nehodlá o financovaní debatovať |c Robert Hajšel |
| 520 | |a Návrh Európskej komisie ohľadom výšky sumy, ktorú má EÚ vyčleniť pre kandidátske krajiny na prvé tri roky po rozšírení EÚ. Komisia doteraz nešpecifikovala, koľko by mali dostať jednotlivé krajiny. Brusel nehodlá o zmene financovania vyjednávať. Otázka podpory poľnohospodárstva. Otázka priamych platieb. | ||
| 610 | 2 | 0 | |a integrácia ekonomická medzinárodná |
| 610 | 2 | 0 | |a Európska únia |
| 610 | 2 | 0 | |a SVE |
| 610 | 2 | 0 | |a financovanie |
| 610 | 2 | 0 | |a poľnohospodárstvo |
| 610 | 2 | 0 | |a Slovensko |
| 610 | 2 | 0 | |a Európska komisia |
| 100 | 1 | |a Hajšel, Robert | |